header

Linear energy relationships to chemical kinetics (Record no. 66690)

MARC details
000 -LEADER
fixed length control field 01478cam a2200373 a 4500
082 04 - DEWEY DECIMAL CLASSIFICATION NUMBER
Classification number 541/.394
100 1# - MAIN ENTRY--AUTHOR NAME
Personal name Makitra, R. G.
245 10 - TITLE STATEMENT
Title Linear energy relationships to chemical kinetics
260 ## - PUBLICATION, DISTRIBUTION, ETC. (IMPRINT)
Place of publication New York :
Name of publisher Nova Science Publishers,
Year of publication c2009.
300 ## - PHYSICAL DESCRIPTION
Number of Pages 80 p. :
Other physical details ill.
650 #0 - SUBJECT ADDED ENTRY--TOPICAL TERM
Topical Term Chemical kinetics.
Topical Term Chemical reaction, Conditions and laws of.
Topical Term Linear free energy relationship.
Topical Term Solution (Chemistry)
700 1# - ADDED ENTRY--PERSONAL NAME
Personal name Turovskyi, A. A.
Personal name Zaikov, Gennadii Efremovich.
856 40 - ELECTRONIC LOCATION AND ACCESS
Uniform Resource Identifier http://site.ebrary.com/lib/rucke/Doc?id=10660305

No items available.

© 2026 Rongo University
Contact us: librarian | system librarian | Rongo university